Online Catalogue and eLibrary

The origin of saivism and history in the Tamil land (Record no. 905)

MARC details
000 -LEADER
fixed length control field 00439nam a2200169Ia 4500
005 - DATE AND TIME OF LATEST TRANSACTION
control field 20240730010924.0
008 - FIXED-LENGTH DATA ELEMENTS--GENERAL INFORMATION
fixed length control field 240331s9999 xx 000 0 und d
082 ## - DDC Classification
Class No. 294
Item Number - Author Mark SUB
100 ## - MAIN ENTRY--PERSONAL NAME
Personal name Subramanian , K.R
245 #4 - TITLE STATEMENT
Title The origin of saivism and history in the Tamil land
260 ## - PUBLICATION, DISTRIBUTION, ETC.
Place of publication, distribution, etc. New Delhi
Name of publisher, distributor, etc. Asian Educational Services
Date of publication, distribution, etc. 1929
300 ## - PHYSICAL DESCRIPTION
Extent (e.g. Volumes, Pages etc.) iv, 82 p .,
650 ## - SUBJECT ADDED ENTRY--TOPICAL TERM
Topical term or geographic name entry element Buddhist
650 ## - SUBJECT ADDED ENTRY--TOPICAL TERM
Topical term or geographic name entry element History
650 ## - SUBJECT ADDED ENTRY--TOPICAL TERM
Topical term or geographic name entry element Saivism
942 ## - Koha item type (Biblio)
Koha item type Books in Stacks (Lending)
Holdings
Lost status Damaged status Collection code Home library Current library Shelving location Date acquired Full call number Accession Number Item type
    Lending WERC Library WERC Library Social Science Cupboard 03/31/2024 294 SUB 600 Books in Stacks (Lending)

© WERC Library